| 000 | 01163pab a2200169 454500 | ||
|---|---|---|---|
| 008 | 180718b04 xxu||||| |||| 00| 0 eng d | ||
| 100 | _aSato, Hiroshi | ||
| 245 | _aSocial security and well-being in a low-income economy: an appraisal of the Kerala experience | ||
| 260 | _c04 | ||
| 300 | _ap.288-304. | ||
| 362 | _aJun | ||
| 520 | _aThe State of Kerala, which is considered to have attained a level of social well-being comparable to that of advanced countries despite its relatively low income standard, is widely known as an example of "welfare by public intervention" in developing economies. This paper, focusing on the four areas of food provision, health services, elementary education, and pension schemes, and paying attention to the participation of the private sector as well as the activities of political parties and labor unions, points out that in Kerala, the private sector and organized activities have played a vital role, in addition to "public intervention." in the betterment of public welfare. - Reproduced. | ||
| 650 | _aSocial security - India - Kerala | ||
| 650 | _aSocial security | ||
| 773 | _aDeveloping Economies | ||
| 909 | _a61928 | ||
| 999 |
_c61928 _d61928 |
||